| 000 -LEADER |
| fixed length control field |
00817nam a22001337a 4500 |
| 008 - FIXED-LENGTH DATA ELEMENTS--GENERAL INFORMATION |
| fixed length control field |
250220b ||||| |||| 00| 0 eng d |
| 100 ## - MAIN ENTRY--PERSONAL NAME |
| Personal name |
Parmaar, Sakkcham Singh mes |
| 245 ## - TITLE STATEMENT |
| Title |
Comparing the impact of the ICC and ICJ: Assessing accountability for international cri |
| 260 ## - PUBLICATION, DISTRIBUTION, ETC. (IMPRINT) |
| Place of publication, distribution, etc |
World Affairs: The Journal of International Issues |
| 300 ## - PHYSICAL DESCRIPTION |
| Extent |
28(4), Oct-Dec, 2024: p.10-25 |
| 520 ## - SUMMARY, ETC. |
| Summary, etc |
This paper instigates and evaluations the roles of the international criminal courts (ICC), and the international court of justice (ICJ) as instruments in the fight against crime. The ICC, founded in 1998, deals with individuals who commit serious international crimes for which they should be held accountable. – Reproduced |
| 773 ## - HOST ITEM ENTRY |
| Main entry heading |
World Affairs: The Journal of International Issues |
| 942 ## - ADDED ENTRY ELEMENTS (KOHA) |
| Item type |
Articles |